| 000 | 00444nam a2200181Ia 4500 | ||
|---|---|---|---|
| 001 | 11078 | ||
| 005 | 20260306161919.0 | ||
| 008 | 260306t2008||||xx |||||||||||||| ||spa|| | ||
| 041 | _aESP | ||
| 082 |
_a985.004 _bN37 |
||
| 100 |
_aNeira, Hugo _eAUT |
||
| 245 | 0 |
_aSueño y pasión por el Perú: _bapuntes sentimentales |
|
| 260 | _c2008 | ||
| 300 |
_a117 páginas : _c21 cm. |
||
| 650 | _aGEN | ||
| 654 | _aCHU | ||
| 942 |
_cLIB _dJUS _fJUS _2ddc _n |
||
| 999 |
_c11078 _d11078 |
||